000 00482cam a22001457a 4500
008 180718b1959 xxu||||| |||| 00| 0 eng d
082 _aQ43 H363m
100 _aHeilbroner, Robert L.
245 _aManking's children: the story of UNICEF
_cby Robert L. Heilbroner
260 _aNew York
_bPublic Affairs Committee
_c1959
300 _a20p.
440 _aPublic Affairs Pamphlet, No.279
650 _aUnited National International Children's Emergency Fund
650 _aChild Welfare
999 _c368065
_d368065